[Event "17th Reykjavik op"]
[Site "Reykjavik ISL"]
[Date "1996.03.03"]
[Round "2"]
[White "Sigfusson, Sigurdur"]
[Black "Thorsson, Olafur"]
[Result "0-1"]
[WhiteElo "2245"]
[BlackElo "2160"]
[EventDate "1996.03.02"]
[PlyCount "68"]

1.e4 c5 2.d4 cxd4 3.c3 dxc3 4.Nxc3 Nc6 5.Nf3 d6 6.Bc4 e6 7.O-O a6 8.a4 Nf6
9.Qe2 Be7 10.Rd1 Qc7 11.h3 Bd7 12.Bf4 Ne5 13.Ba2 Rc8 14.Rac1 Qb8 15.Nd4 
O-O 16.Bg5 h6 17.Be3 b5 18.f4 Nc4 19.Bf2 e5 20.Nf5 Bxf5 21.exf5 Rfe8 22.
axb5 axb5 23.Nxb5 d5 24.b3 exf4 25.bxc4 Ba3 26.Qf1 Bxc1 27.Rxc1 Ne4 28.Ba7
Qe5 29.Bd4 Qxf5 30.cxd5 Ng3 31.Rxc8 Qxc8 32.Qd1 Qc2 33.Bb3 Qxd1+ 34.Bxd1 
Re1+ 0-1

[Event "17th Reykjavik op"]
[Site "Reykjavik ISL"]
[Date "1996.03.03"]
[Round "2"]
[White "Karason, Askell Oern"]
[Black "Schmied, Andreas"]
[Result "1-0"]
[WhiteElo "2230"]
[BlackElo "2155"]
[EventDate "1996.03.02"]
[PlyCount "51"]

1.d4 Nf6 2.c4 e6 3.Nc3 Bb4 4.g3 c5 5.Nf3 cxd4 6.Nxd4 O-O 7.Bg2 Nc6 8.O-O 
Be7 9.b3 a6 10.Bb2 Qc7 11.Rc1 Rd8 12.e4 Rb8 {} 13.Nd5 $1 exd5 ( 13...Qd6 
$2 14.c5 $18 ) ( 13...Nxd5 14.cxd5 e5 15.Nf5 $18 ) 14.cxd5 Qa5 ( 14...Qb6 
15.Nf5 Re8 16.dxc6 dxc6 17.Nxe7+ Rxe7 18.Qd6 $18 ) 15.Nf5 Bf8 ( 15...Ba3 
16.Bxf6 Bxc1 17.Qg4 g6 18.Rxc1 $18 ) 16.Bxf6 gxf6 17.Qg4+ Kh8 18.Qh4 Bg7 (
18...Nb4 19.Qxf6+ Kg8 20.Rc4 b5 21.Rxb4 $18 ) 19.Nxg7 Kxg7 20.Qg4+ Kh8 ( 
20...Kf8 $5 21.dxc6 dxc6 22.Qf4 Be6 23.Qxf6 $18 ) 21.Qf4 Ra8 ( 21...d6 22.
Qxf6+ Kg8 23.dxc6 $18 ) 22.Qxf6+ Kg8 23.dxc6 dxc6 24.b4 Qb6 25.Rc5 Be6 26.
Qh6 1-0

[Event "17th Reykjavik op"]
[Site "Reykjavik ISL"]
[Date "1996.03.03"]
[Round "2"]
[White "Thorfinnsson, Bragi"]
[Black "Gunnarsson, Arinbjorn"]
[Result "1/2-1/2"]
[WhiteElo "2155"]
[BlackElo "2220"]
[EventDate "1996.03.02"]
[PlyCount "59"]

1.d4 e6 2.c4 f5 3.Nc3 Nf6 4.g3 Be7 5.Bg2 O-O 6.Nf3 d6 7.O-O a5 8.Qc2 Nc6 
9.Rd1 Qe8 10.a3 Qh5 11.d5 Ne5 12.Nd4 exd5 13.cxd5 Bd7 14.f4 Neg4 15.h3 Nh6
16.Qd3 Nf7 17.Be3 Rfc8 18.Rac1 Nd8 19.Bf2 a4 20.Re1 Bf8 21.Ndb5 b6 22.Qc4 
Nb7 23.Nd4 Nc5 24.Ne6 Qg6 25.Kh2 Ra5 26.Rcd1 Qh6 27.Kg1 Qg6 28.Kh2 Qh6 29.
Kg1 Qg6 30.Kh2 1/2-1/2

[Event "17th Reykjavik op"]
[Site "Reykjavik ISL"]
[Date "1996.03.03"]
[Round "2"]
[White "De Kleuver, Esther"]
[Black "Ragnarsson, Johann"]
[Result "1-0"]
[WhiteElo "2210"]
[BlackElo "2130"]
[EventDate "1996.03.02"]
[PlyCount "91"]

1.e4 c6 2.d4 d5 3.Nd2 dxe4 4.Nxe4 Bf5 5.Ng3 Bg6 6.Nf3 Nd7 7.Bd3 Bxd3 8.
Qxd3 Qc7 9.O-O e6 10.b3 Ngf6 11.c4 Bd6 12.Bb2 O-O 13.Rfe1 Rad8 14.Rad1 h6 
15.Qc2 b5 16.Ne5 bxc4 17.bxc4 Bb4 18.Re3 Nxe5 19.dxe5 Rxd1+ 20.Qxd1 Rd8 
21.Qb3 Bc5 22.exf6 Bxe3 23.fxe3 Rb8 24.Qa3 Qb6 25.Bd4 Qb1+ 26.Nf1 g6 27.
Qxa7 Rb7 28.Qa8+ Rb8 29.Qxc6 Qxa2 30.c5 Qc4 31.Be5 Rd8 32.h3 h5 33.Bc7 Rf8
34.Bd6 Rd8 35.Qb7 e5 36.c6 Qe6 37.c7 Rc8 38.Bxe5 h4 39.Bd4 Re8 40.Qb5 Rc8 
41.Qg5 Kf8 42.Qxh4 Ke8 43.Qf4 Kd7 44.Be5 Ra8 45.Qd4+ Kc8 46.Qd8+ 1-0

[Event "17th Reykjavik op"]
[Site "Reykjavik ISL"]
[Date "1996.03.03"]
[Round "2"]
[White "Halldorsson, Jon Arni"]
[Black "Van Parreren, Hanneke"]
[Result "1/2-1/2"]
[WhiteElo "2160"]
[BlackElo "2180"]
[EventDate "1996.03.02"]
[PlyCount "39"]

1.d4 d6 2.e4 Nf6 3.Nc3 g6 4.Nf3 Bg7 5.Be2 c6 6.O-O b5 7.a3 O-O 8.Re1 Nbd7 
9.Bf4 a6 10.Bf1 c5 11.e5 Nh5 12.Bg5 dxe5 13.dxe5 Bb7 14.Nd5 f6 15.exf6 
Nhxf6 16.Nxe7+ Kh8 17.Re6 Qc7 18.Qd6 Qxd6 19.Rxd6 Bxf3 20.Bxf6 1/2-1/2

[Event "17th Reykjavik op"]
[Site "Reykjavik ISL"]
[Date "1996.03.03"]
[Round "2"]
[White "Gunnarsson, Arnar"]
[Black "Edvardsson, Kristjan"]
[Result "0-1"]
[WhiteElo "2130"]
[BlackElo "2190"]
[EventDate "1996.03.02"]
[PlyCount "75"]

1.c4 b6 2.Nc3 Bb7 3.Nf3 f5 4.e4 fxe4 5.Ng5 Nf6 6.d3 e5 7.Ngxe4 Bb4 8.f3 
Nxe4 9.fxe4 O-O 10.Qh5 Nc6 11.Bg5 Be7 12.Be3 Bc5 13.Bg5 Bf2+ 14.Kd2 Qe8 
15.Be2 g6 16.Qh3 Nd4 17.Bg4 Ne6 18.Bxe6+ dxe6 19.Be3 Qd7 20.Rhf1 Bxe3+ 21.
Qxe3 a6 22.b3 Qd6 23.Ne2 Qa3 24.Kc3 b5 25.Rxf8+ Rxf8 26.Ng1 bxc4 27.dxc4 
Rf4 28.Nf3 Qa5+ 29.Kb2 Rxe4 30.Qd3 c5 31.Rf1 Rf4 32.Nxe5 Rxf1 33.Qxf1 Qd2+
34.Ka3 Qa5+ 35.Kb2 Qd2+ 36.Ka3 Qa5+ 37.Kb2 Qc7 38.Qf6 0-1

[Event "17th Reykjavik op"]
[Site "Reykjavik ISL"]
[Date "1996.03.03"]
[Round "2"]
[White "Berg, Bo"]
[Black "Burden, James"]
[Result "1-0"]
[WhiteElo "2085"]
[BlackElo "2185"]
[EventDate "1996.03.02"]
[PlyCount "81"]

1.e4 c5 2.Nc3 Nc6 3.f4 e6 4.Nf3 d5 5.d3 Nf6 6.Bd2 Be7 7.g3 a6 8.a4 Qb6 9.
Bg2 O-O 10.O-O c4+ 11.Kh1 cxd3 12.cxd3 dxe4 13.dxe4 Ng4 14.Qe2 Bc5 15.a5 
Qa7 16.Nd1 b6 17.e5 Bb7 18.Ng5 h5 19.h3 Nd4 20.Qd3 Nf5 21.hxg4 Rad8 22.Qc3
Rxd2 23.Qxd2 Nxg3+ 24.Kh2 Nxf1+ 25.Bxf1 hxg4 26.b4 Be7 27.Qd7 Bxb4 28.Bg2 
bxa5 29.Qxb7 g3+ 30.Kxg3 Qg1 31.Nf3 Qc5 32.Nf2 f5 33.Qxa6 Qd5 34.Rd1 Qb3 
35.Rd3 Qa2 36.Ng5 Re8 37.Qc6 Kf8 38.Nh7+ Kf7 39.Rd7+ Kg8 40.Ng5 Be1 41.
Rxg7+ 1-0

[Event "17th Reykjavik op"]
[Site "Reykjavik ISL"]
[Date "1996.03.04"]
[Round "3.1"]
[White "Gausel, Einar"]
[Black "Nikolic, Predrag"]
[Result "0-1"]
[WhiteElo "2515"]
[BlackElo "2645"]
[EventDate "1996.03.02"]
[PlyCount "104"]

1.Nf3 d5 2.d4 Nf6 3.c4 dxc4 4.e3 e6 5.Bxc4 c5 6.O-O a6 7.dxc5 Qxd1 8.Rxd1 
Bxc5 9.Nbd2 {Now it is easier for White to exploit the weak squares a5 and
c5 if Black con- siders to play...b5 at any moment.} ( 9.Nc3 b5 $1 {i ib7}
) 9...Nc6 10.b3 ( 10.a3 {followed by b4, ib2 and i b3 looks to be the most
promising and active continu- ation for White.} ) 10...O-O ( 10...Ke7 {
seems more natural, particularly if Black after 10...0-0 continues 
with...if8- e7 and thereby loses two tempos! Nikolic has another idea in 
mind...} ) 11.Bb2 Rd8 12.Rac1 Be7 {The point with 10...0-0. Black is not 
planning the superficial and time-wast- ing if8-e7. Fischer used the same 
idea against Spasskij in the eighteenth game of their match in Belgrad 
1992.} 13.Be2 Bd7 14.Nc4 Be8 15.Nb6 {Planless, the weakness on b6 means 
nothing after the rook exchanges.} 15...Rxd1+ 16.Rxd1 Rd8 17.Rxd8 Bxd8 18.
Nc4 Ne4 19.Nfd2 Nxd2 20.Nxd2 Be7 {Black has a microscopic advantage due to
his knight, which is a little strong- er than his counterpart. A logical 
consequence of the time-wasting 15.i b6.} 21.a3 {Gausel probably did not 
want to allow 21...i b4, which practically forces White to put his i -side
pawns on a4 and b3. This would result in an annoying weak- ness on b4.} 
21...f6 22.b4 Kf8 23.Bc4 e5 $15 24.Kf1 Bf7 25.Bxf7 Kxf7 26.e4 Bd8 $1 27.
Nb3 Bb6 28.Ke2 h5 29.f3 ( 29.Bc1 Bd4 $1 ( 29...Nd4+ 30.Nxd4 Bxd4 31.Be3 
Bb2 32.a4 b5 33.axb5 axb5 34.f3 $10 ) 30.Nxd4 Nxd4+ 31.Kd3 b5 32.Be3 Ne6 
$15 ) 29...h4 $1 30.h3 {White has a weakness on g2. Black's plan is to 
exchange the bishops and reach a knight ending. Black will then transfer 
his knight to e6 and stalemate the white knight on e2, which must hold the
weak point on f4.} ( 30.Bc1 Bg1 31.Be3 {does not work because of...} 31...
Bxh2 32.Nc5 Nd8 ) 30...Ke6 31.Bc3 {White on the other hand wants to reach 
a bishop ending, or at worst, an ending with bishop versus knight. This is
not easy for White to realize, because of his completely immobilized 
i-wing.} 31...Kd6 32.Kd3 ( 32.Be1 $5 {is interesting to force 32...g5. 
Black then loses the very important break g6 and f5.} ) 32...Bf2 $1 33.Nc1
Bd4 $1 34.Ne2 ( 34.Bd2 $2 {loses a pawn after} 34...Bb2 35.a4 Bxc1 36.Bxc1
Nxb4+ {White has some compensation due to the fact that all Black's 
i-wingpawns are located on Black squares. The possiblity to penetrate the 
Black position on the i -wing via c5 is also important. Yet, Black has a 
won position.} 37.Kc4 Nc2 38.Bd2 Kc6 39.a5 Nd4 40.Bb4 Ne6 41.Ba3 Kd7 $1 
42.Kd5 Nf4+ 43.Kc5 Nxg2 44.Kb6 Kc8 45.Bf8 Nf4 46.Bxg7 Nxh3 47.Bxf6 Ng5 $3 
48.Bxe5 ( 48.Bxg5 h3 $19 ) 48...Nxf3 49.Bf4 h3 50.e5 h2 51.Bxh2 Nxh2 52.e6
Ng4 53.e7 Nf6 $19 {The hidden point with 47...i g5!! A very pretty, almost
forced variation!} ) 34...Bxc3 35.Kxc3 Nd8 36.Kc4 Ne6 {The main problem 
now is if Black kan break through White's position, and use his relatively
greater freedom of movement.} 37.a4 $4 {This weakened pawn move is to a 
great help for Black. White voluntarily creates his second weakness, which
obviously is the pawn on a4. Without this positional blunder it would not 
have been easy to win the game.} ( 37.Kd3 Kc6 38.Kc4 b5+ 39.Kd3 {Black can
try to break through on the i-wing. He can move his king to the g5- 
square, and combine it with the break g6-f5. Black then plays his knight 
to the f4-square. It is not possible for White to keep the draw with 
passive play} ) 37...b6 38.Kd3 a5 39.Kc4 ( 39.bxa5 bxa5 40.Kc4 Kc6 41.Kb3 
Nc5+ 42.Ka3 Nd3 $19 ) 39...axb4 40.Kxb4 Kc6 41.Kc4 Nc5 $19 42.g3 ( 42.Kb4 
Nd3+ 43.Kc4 Ne1 $19 ) ( 42.Nc3 Nxa4 43.Nxa4 ( 43.Nd5 {is of course a 
better try.} ) 43...b5+ 44.Kb4 bxa4 45.Kxa4 Kc5 $19 ) 42...Nxa4 $1 ( 42...
hxg3 43.Nxg3 Nxa4 44.Nh5 $132 ) 43.gxh4 b5+ 44.Kb4 Nc5 45.Ng3 Nd3+ 46.Kb3 
Nf4 47.h5 Kc5 48.h4 Ne6 49.Kb2 Nd4 50.h6 gxh6 51.Nh5 f5 52.Nf6 f4 0-1

[Event "17th Reykjavik op"]
[Site "Reykjavik ISL"]
[Date "1996.03.04"]
[Round "3.2"]
[White "Hector, Jonny"]
[Black "Agdestein, Simen"]
[Result "0-1"]
[WhiteElo "2520"]
[BlackElo "2585"]
[EventDate "1996.03.02"]
[PlyCount "66"]

1.e4 e6 2.d4 d5 3.Nc3 Nf6 4.Bg5 dxe4 5.Nxe4 Nbd7 6.Nf3 Be7 7.Nxf6+ Nxf6 8.
Bd3 c5 9.dxc5 Qa5+ 10.c3 Qxc5 11.Qe2 Bd7 12.Ne5 Bc6 13.O-O Nd7 14.Bxe7 
Kxe7 15.Nxc6+ bxc6 16.Be4 Rad8 17.Qf3 g5 18.b4 Qc4 19.Qe3 h6 20.Bc2 c5 21.
f4 cxb4 22.fxg5 Qxc3 23.Qf4 Rhf8 24.Bb3 Qc5+ 25.Kh1 hxg5 26.Qg3 Qe5 27.Qg4
Rh8 28.Qxb4+ Nc5 29.h3 Rd3 30.Kg1 Rhxh3 31.Bd1 Rh4 32.Qa5 Qh2+ 33.Kf2 Rf4+
0-1

[Event "17th Reykjavik op"]
[Site "Reykjavik ISL"]
[Date "1996.03.04"]
[Round "3.3"]
[White "Conquest, Stuart"]
[Black "Tisdall, Jonathan"]
[Result "0-1"]
[WhiteElo "2540"]
[BlackElo "2510"]
[EventDate "1996.03.02"]
[PlyCount "58"]

1.e4 c5 2.Nf3 d6 3.d4 cxd4 4.Nxd4 Nf6 5.Nc3 a6 6.Bg5 e6 7.Qf3 Nbd7 8.O-O-O
Qa5 $5 {An interesting plan - I don't know if it has much background, but 
I had tried it in Gausdal in January and liked it. Black hopes ot either 
gain time or the dark-squared bishop.} 9.h4 h6 10.Bd2 ( 10.Bxf6 {looks 
more critical to me since the bishop is awkwardly placed on d2, and only 
chases the queen where it wants to go. On the other hand, white would 
probably hope for something more concrete before surrendering the pride of
his position.} ) 10...Qc7 11.g4 $5 {White wishes to get going before black
develops with b5. Conquest was using up gobs of time, and was taken aback 
by how quickly I was playing. In fact I was playing relatively slowly. By 
now I was having a hard time believing Conquest was repeating my recent 
game in innocence, and was wary of an improvement.} 11...Ne5 12.Qg2 Nexg4 
13.Rh3 ( 13.Be2 {occurred in Lejlic-Tisdall, Gausdal Troll 1996, when I 
immediately found the dubious reply} 13...h5 $6 {allowing} ( 13...Ne5 14.
f4 Nc4 15.Bxc4 Qxc4 16.Be3 h5 $1 {leaves black in complete control.} ) 14.
Bg5 $1 {with compensation. This time I proceed more accurately.} ) 13...
Bd7 14.f4 h5 {Now white must compromise his position a bit more to break 
down black's defences.} 15.f5 Be7 16.Be2 Rc8 17.Bg5 b5 18.fxe6 fxe6 19.
Bxf6 Bxf6 20.Bxg4 hxg4 21.Qxg4 Qc5 $1 {Black's bishop pair give him a 
clear advantage. The text eyes the e5 and squares, as well as threatening 
...Rxh4!.} 22.e5 $5 {I felt this was the best practical try. The attempt 
to muddy the waters with} ( 22.Nxe6 {is most simply and elegantly refuted 
by} 22...Kf7 $1 ) 22...Qxe5 23.Ne4 O-O 24.h5 Be7 $2 {Unnecessarily 
practical, black again opts to return material to keep the bishop pair. 
The more determined} ( 24...d5 25.Nxf6+ Rxf6 {leaves white with little but
tricks for the pawn since the blunt moves fail:} 26.h6 {or} ( 26.Rg1 Rf4 )
26...Rxh6 $1 27.Rxh6 Qe3+ ) 25.Nf3 Qf4+ ( 25...Qf5 {is inferior - black 
want to have both rooks posted actively and needs the d5 square protected.
} ) 26.Qxf4 Rxf4 27.Nxd6 Rc5 $1 ( 27...Rcf8 28.Ne5 Bg5 29.Kb1 Rf1 30.Rh1 {
achieves less than nothing for black.} ) 28.Nf5 $4 {White cracks in time 
trouble. After} ( 28.Ne4 Rd5 {black's advantage is still clear, but the 
game is a very long way from over.} ) 28...Rcxf5 29.Rxd7 Rxf3 {and white 
resigned without waiting for the zwischenschach on g5. You have to feel 
that Conquest was a bit unlucky here - it is not often one goes to great 
lengths to avoid theory only to reproduce a recent game.} 0-1

[Event "17th Reykjavik op"]
[Site "Reykjavik ISL"]
[Date "1996.03.04"]
[Round "3.4"]
[White "Djurhuus, Rune"]
[Black "Stefansson, Hannes Hlifar"]
[Result "1/2-1/2"]
[WhiteElo "2505"]
[BlackElo "2540"]
[EventDate "1996.03.02"]
[PlyCount "82"]

1.d4 Nf6 2.c4 e6 3.Nc3 Bb4 4.e3 O-O 5.Bd3 d5 6.cxd5 exd5 7.Ne2 c5 8.O-O 
Nc6 9.a3 cxd4 10.exd4 Bd6 11.f3 h6 12.Bc2 Ne7 13.g4 Nh7 14.Qd3 f5 15.Rf2 
Be6 16.Nf4 Bxf4 17.Bxf4 Ng6 18.Ne2 Rc8 19.Kh1 Qb6 20.b4 Bd7 21.Be3 Bb5 22.
Qd2 Rxc2 23.Qxc2 f4 24.Bd2 Ng5 25.Re1 Nh3 26.Rff1 Qa6 27.Bc1 Nh4 28.Qd1 
Qc6 29.Bd2 Bd3 30.Qb3 Bc4 31.Qd1 Qa6 32.a4 Qg6 33.Bc1 Bd3 34.Nc3 Bxf1 35.
Rxf1 Qc6 36.Qb3 Rd8 37.Bd2 Qe6 38.Qd1 Qf6 39.Be1 h5 40.Bxh4 Qxh4 41.Qe2 
Qf6 1/2-1/2